000 01290nam a2200325 a 4500
001 ebr10383932
003 CaPaEBR
006 m u
007 cr cn|||||||||
008 100614s1951 dcu s 001 0 eng d
020 _z9780813200132
020 _z9780813211138 (e-book)
040 _aCaPaEBR
_cCaPaEBR
035 _a(OCoLC)647923142
041 1 _aeng
_hgrc
050 1 4 _aBR60.F3
_bB375 1951eb
100 0 _aBasil,
_cSaint, Bishop of Caesarea,
_dca. 329-379.
245 1 0 _aLetters.
_nVolume 1 (1-185)
_h[electronic resource] /
_cSaint Basil ; translated by Sister Agnes Clare Way, C.D.P.
260 _aWashington, D.C. :
_bCatholic University of America Press,
_c1951.
300 _axvii, 345 p.
490 1 _aFathers of the church ;
_vv. 13
500 _aIncludes index.
533 _aElectronic reproduction.
_bPalo Alto, Calif. :
_cebrary,
_d2013.
_nAvailable via World Wide Web.
_nAccess may be limited to ebrary affiliated libraries.
650 0 _aChristian literature, Early.
655 7 _aElectronic books.
_2local
700 1 _aWay, Agnes Clare.
710 2 _aebrary, Inc.
830 0 _aFathers of the church ;
_vv. 13.
856 4 0 _uhttp://site.ebrary.com/lib/rucke/Doc?id=10383932
_zAn electronic book accessible through the World Wide Web; click to view
999 _c204282
_d204282